000 00632nam a2200253Ia 4500
005 20260121161109.0
008 008 260114s9999 xx 000 0 eng d
020 _a9781315004372
037 _aEBOOK
040 _aCRL
040 _beng
040 _cCRL
041 _2eng
041 _aeng
084 _qCRL
100 _a Terry Atkinson; Guy Caxton; Marilyn Osborn; Mike Wallace
_91040157
245 0 _aLiberating The Learner
260 _bTaylor and Francis
260 _c1996
856 _uhttp://www.taylorfrancis.com/books/9781315004372
942 _cEBOOK
999 _c1606973
_d1606973